Gala Navidad OT2017 - Estadísticas

Estadísticas generales
  • Esta prueba ha sido intentada 9 veces
  • La puntuación promedio es 4 de 14
Estadísticas de respuestas
Imagen Hint Respuesta % Correcto
Grupal Mi música es tu voz
100%
Amaia y Rosa Gracias por la música
71%
Cepeda y Manu Tenorio Lucía
57%
Aitana y Natalia I'm Walking On Sunshine
43%
Àlex Casademunt y Nerea Vivo por ella
43%
Ricky, Javián, Juan Antonio y Àlex Casademunt Corazón Espinado
29%
Ana Guerra, Mimi, Gisela y Verónica Lady Mermelade
29%
Javián y Miriam Te quiero, te quiero
14%
Alfred y Naim Thomas Adoro
0%
Raoul y Alejandro Parreño Don't Let The Sun Go Down On Me
0%
Natalia, Geno, Thalía y Marina Eternal flame
0%
Roi y Verónica I finally found someone
0%
Nuria Fergó y Mireya Luces de bohemia
0%
Gisela y Agoney Somebody else's guy
0%
No se encontraron pruebas coincidentes
Distribución de puntuación
Porcentaje de gente con cada puntuación
Porcentaje por número respondido
Historial de tus puntuaciones
No has intentado esta prueba.